Normal view
MARC view
Entry Personal Name
001 - CONTROL NUMBER
- control field: 78992
003 - CONTROL NUMBER IDENTIFIER
- control field: dpl
005 - DATE AND TIME OF LATEST TRANSACTION
- control field: 20250301130045.0
008 - FIXED-LENGTH DATA ELEMENTS
- fixed length control field: 250301|| aca||aabn | a|a d
040 ## - CATALOGING SOURCE
- Original cataloging agency: dpl
- Transcribing agency: dpl
100 ## - HEADING--PERSONAL NAME
- Personal name: सहजानन्द सरस्वती
670 ## - SOURCE DATA FOUND
- Source citation: Work cat.: (dpl)209902: सहजानन्द सरस्वती, किसान पाठशाला :, 2023
